Mexican Dishes by Image - Statistics

General Stats
  • This quiz has been taken 33 times
  • The average score is 4 of 12
Answer Stats
Picture Answer % Correct
Tacos
87%
Tamal
74%
Enchiladas
57%
Mole
57%
Torta
48%
Pozole
35%
Gorditas
22%
Aguachile
17%
Coctel de Camarón
17%
Chile en Nogada
13%
Cochinita Pibil
13%
Tetelas
4%
No matching quizzes found
Score Distribution
Percent of People with Each Score
Percentile by Number Answered
Your Score History
You have not taken this quiz